| 000 | 00398 a2200133 4500 | ||
|---|---|---|---|
| 005 | 20250605084757.0 | ||
| 020 | _a0-7487-0174-5 | ||
| 082 | _aLECT 658 BAR | ||
| 100 | _aBARRETT, R. | ||
| 245 | _aBusiness studies skills | ||
| 260 |
_aCheltenham, _bStanley Thornes (Publishers) Ltd., _c1991. |
||
| 300 |
_avi, 250p.: ill.; chart, figure, graph, picture & table. _bIndex, _c27cm. |
||
| 942 |
_2ddc _cBKS |
||
| 999 |
_c3187 _d3187 |
||